Statystyki dla Najwięcej występów w szwedzkiej reprezentacji piłki nożnej

Kliknij tutaj aby rozwiązać quiz!

Ogólne statystyki

  • Ten quiz został rozwiązany 248 razy
    (115 od ostatniego zresetowania)
  • Średni wynik to 3 z 11

Statystyki odpowiedzi

Lp.ZawodnikNajwięcej występów% Poprawnych
6.Zlatan Ibrahimović116
98%
11.Henrik Larsson106
76%
9.Sebastian Larsson113
69%
3.Andreas Isaksson133
27%
5.Olof Mellberg117
16%
4.Kim Källström131
13%
1.Anders Svensson148
9%
2.Thomas Ravelli143
7%
10.Niclas Alexandersson109
2%
6.Roland Nilsson116
2%
8.Bjorn Nordqvist115
0%

Rozkład punktacji

Percentyl według liczby udzielonych odpowiedzi

Procent ludzi z każdym wynikiem

Twoja historia wyników

Nie rozwiązałeś tego quizu od ostatniego zresetowania